000 00450 a2200169 4500
003 NUST
005 20230316144120.0
020 _a9693512235
040 _cNust
082 _a891.4397,REH
100 _aRehman, Shafiq ur
_934705
245 _aMud-O-Jazar / مد و جذر (Urdu) /
_cShafiq- ur -Rehman
260 _aLahore
_bSange-e-meel Pub
_c2009
300 _a128 p.;
650 _aUrdu literature-satire
_91676
942 _2ddc
_cBK
_k891.4397,REH
999 _c188868
_d188868